Probabity Theory and Mathematical Statistics with Aplications Proceedings of the 5th Pannonian Symposium on Mathematical Statistics Visegrad, Hungary, 20-24 May, 1985

Uložené v:
Podrobná bibliografia
Ďalší autori: Grossmann, W.
Médium: Kniha
Jazyk:English
Vydavateľské údaje: Budapest Akadémiai Kiadó 1988
Vydanie:1. ed.
Tagy: Pridať tag
Žiadne tagy, Buďte prvý, kto otaguje tento záznam!

MARC

LEADER 00000nam a2200000 4500
001 c034679
005 20221219120422.9
041 0 |a eng 
044 |a HU 
245 1 0 |a Probabity Theory and Mathematical Statistics with Aplications  |b Proceedings of the 5th Pannonian Symposium on Mathematical Statistics Visegrad, Hungary, 20-24 May, 1985  |c Edit. W. Grossmann 
250 |a 1. ed. 
264 1 |a Budapest  |b Akadémiai Kiadó  |c 1988 
300 |a 456 s. 
700 1 |a Grossmann, W.